| 000 | 00591 a2200181 4500 | ||
|---|---|---|---|
| 020 | _a1860946984 | ||
| 020 | _a9781860946981 | ||
| 082 | 0 | 4 | _a519.5 |
| 090 |
_c815 _d815 |
||
| 100 | _a Fan Jianqing | ||
| 245 | 1 | 0 |
_aFrontiers in statistics / _cJianqing Fan, Hira L. Koul. |
| 260 |
_a[S.l.] : _bWorld Scientific Publishing Company, _c2006. |
||
| 300 |
_a552 p. ; _c23 cm. |
||
| 700 | 1 | _aFan, Jianqing. | |
| 700 | 1 | _aKoul, Hira L. | |
| 942 |
_aSNS _cBK _k519.5 FAN |
||
| 999 |
_c29439 _d29439 |
||